Normal view
MARC view
- Bioethics
Entry Topical Term
001 - CONTROL NUMBER
- control field: 34781
003 - CONTROL NUMBER IDENTIFIER
- control field: OSt
005 - DATE AND TIME OF LATEST TRANSACTION
- control field: 20190122110334.0
008 - FIXED-LENGTH DATA ELEMENTS
- fixed length control field: 190122|| aca||aabn | a|a d
040 ## - CATALOGING SOURCE
- Original cataloging agency: OSt
- Transcribing agency: OSt
150 ## - HEADING--TOPICAL TERM
- Topical term or geographic name entry element: Bioethics
670 ## - SOURCE DATA FOUND
- Source citation: Work cat.: (OSt): Timbreza, Florentino T. 6971, Bioethics and moral decisions/, ©1993
